[Event "Cto Aragón Equipos Pref Gr I"]
[Site "Aragón"]
[Date "2014.02.08"]
[Round "3.34"]
[White "Garcia Gracia, Victor Hugo"]
[Black "Calleja Sanchez, Alfredo"]
[Result "1-0"]
[WhiteElo "1980"]
[BlackElo "1894"]
[PlyCount "39"]
[EventDate "2014.??.??"]
[EventRounds "9"]
[EventCountry "ESP"]
[WhiteTeam "Sta Isabel"]
[BlackTeam "Sabiñanigo"]

1. e4 c5 2. Nf3 d6 3. d4 cxd4 4. Nxd4 Nf6 5. Nc3 a6 6. Bg5 e6 7. f4 Be7 8. Qf3
Qc7 9. O-O-O b5 10. Bxf6 gxf6 11. e5 dxe5 12. Ndxb5 axb5 13. Bxb5+ Kf8 14. Qxa8
Bb7 15. Qa4 exf4 16. Rhf1 Bc5 17. Kb1 Be3 18. g3 f3 19. Ne4 f2 20. Qa3+ 1-0

[Event "Cto Aragón Equipos Pref Gr I"]
[Site "Aragón"]
[Date "2014.02.08"]
[Round "3.35"]
[White "Climente Martinez, Jose Luis"]
[Black "Perez Boy, Pedro"]
[Result "1/2-1/2"]
[WhiteElo "1888"]
[BlackElo "1829"]
[PlyCount "106"]
[EventDate "2014.??.??"]
[EventRounds "9"]
[EventCountry "ESP"]
[WhiteTeam "Sabiñanigo"]
[BlackTeam "Sta Isabel"]

1. d4 Nf6 2. Nf3 d5 3. c4 c6 4. Nc3 g6 5. Bf4 Bg7 6. e3 Na6 7. cxd5 cxd5 8.
Bxa6 bxa6 9. Qa4+ Qd7 10. Qa5 O-O 11. O-O Qb7 12. h3 Qb6 13. Qa3 Re8 14. Na4
Qb5 15. Rfc1 a5 16. Rc5 Qb4 17. Qxb4 axb4 18. Rb5 a5 19. Nb6 Ra6 20. Rc1 Be6
21. Ng5 Bf5 22. Nxd5 Nxd5 23. Rxd5 Be6 24. Rdc5 h6 25. Nf3 g5 26. Bc7 a4 27. a3
bxa3 28. bxa3 f6 29. d5 Bf7 30. Nd4 e5 31. Nf5 Bf8 32. Rc6 Rea8 33. d6 Be6 34.
g4 Bd7 35. Rxa6 Rxa6 36. Rc4 Kf7 37. Bb8 Rc6 38. Rxc6 Bxc6 39. Kf1 Ke6 40. Ke2
Bg2 41. h4 gxh4 42. Nxh4 Be4 43. f3 Bh7 44. Kd2 Bxd6 45. Bxd6 Kxd6 46. Kc3 Kc5
47. e4 Kb5 48. Kd3 Kc5 49. Kc3 Kb5 50. Ng2 Bg8 51. Ne3 Be6 52. Kd3 Kc5 53. Kc3
Kb5 1/2-1/2

[Event "Cto Aragón Equipos Pref Gr I"]
[Site "Aragón"]
[Date "2014.02.08"]
[Round "3.37"]
[White "Cebrian Valverde, Jose Antonio"]
[Black "Aparicio Navarro, Pedro"]
[Result "1/2-1/2"]
[WhiteElo "2141"]
[BlackElo "2169"]
[PlyCount "33"]
[EventDate "2014.??.??"]
[EventRounds "9"]
[EventCountry "ESP"]
[WhiteTeam "San Jose"]
[BlackTeam "Helios B"]

1. d4 Nf6 2. c4 c5 3. d5 e6 4. Nc3 exd5 5. cxd5 d6 6. e4 g6 7. Bf4 a6 8. Nf3
Bg7 9. Qa4+ Bd7 10. Qc2 Qe7 11. Be2 O-O 12. O-O Bg4 13. Rfe1 Nbd7 14. Bxd6 Qxd6
15. e5 Nxe5 16. Nxe5 Qxe5 17. Bxg4 1/2-1/2

[Event "Cto Aragón Equipos Pref Gr I"]
[Site "Aragón"]
[Date "2014.02.08"]
[Round "3.38"]
[White "Flores Samperiz, Jorge"]
[Black "Gimeno Oteo, Marco Antonio"]
[Result "1-0"]
[WhiteElo "1973"]
[BlackElo "2121"]
[PlyCount "45"]
[EventDate "2014.??.??"]
[EventRounds "9"]
[EventCountry "ESP"]
[WhiteTeam "Helios B"]
[BlackTeam "San Jose"]

1. d4 Nf6 2. c4 e5 3. dxe5 Ng4 4. Nf3 Bc5 5. e3 Nc6 6. Be2 Ngxe5 7. O-O O-O 8.
b3 Re8 9. Bb2 a5 10. Nc3 Ra6 11. Ne4 Bf8 12. c5 Nxf3+ 13. gxf3 Ra8 14. Kh1 d5
15. cxd6 f5 16. Bc4+ Kh8 17. Ng3 Qxd6 18. Qxd6 Bxd6 19. f4 Bf8 20. Rg1 Bd7 21.
Nh5 Re7 22. Rg3 Be8 23. Nf6 1-0

[Event "Cto Aragón Equipos Pref Gr I"]
[Site "Aragón"]
[Date "2014.02.08"]
[Round "3.39"]
[White "Palomar Ramon, Santiago"]
[Black "Anson Casaos, Alejandro"]
[Result "1-0"]
[WhiteElo "1994"]
[BlackElo "1902"]
[PlyCount "65"]
[EventDate "2014.??.??"]
[EventRounds "9"]
[EventCountry "ESP"]
[WhiteTeam "San Jose"]
[BlackTeam "Helios B"]

1. e4 c6 2. Nc3 d5 3. Nf3 dxe4 4. Nxe4 Nf6 5. Nxf6+ gxf6 6. d4 Na6 7. c3 Nc7 8.
Bf4 Bg4 9. Bd3 Ne6 10. Be3 Ng5 11. h4 Nxf3+ 12. gxf3 Bh5 13. Rg1 e6 14. Be4 h6
15. Qa4 Be7 16. O-O-O f5 17. Bxc6+ bxc6 18. Qxc6+ Kf8 19. Rg3 Bd6 20. d5 Rc8
21. Qa6 Bxg3 22. dxe6 Qe8 23. e7+ Kxe7 24. fxg3 Qc6 25. Qa3+ Ke8 26. Bd4 f6 27.
Re1+ Kf7 28. Qe7+ Kg6 29. Re6 Qxe6 30. Qxe6 Rhf8 31. g4 fxg4 32. fxg4 Bxg4 33.
Qxg4+ 1-0

[Event "Cto Aragón Equipos Pref Gr I"]
[Site "Aragón"]
[Date "2014.02.08"]
[Round "3.40"]
[White "Flores, Francisco"]
[Black "Rubio Tello, Abel"]
[Result "1/2-1/2"]
[WhiteElo "1834"]
[BlackElo "1860"]
[PlyCount "54"]
[EventDate "2014.??.??"]
[EventRounds "9"]
[EventCountry "ESP"]
[WhiteTeam "Helios B"]
[BlackTeam "San Jose"]

1. e4 e6 2. d3 d5 3. Nd2 c5 4. g3 Nc6 5. Ngf3 Nf6 6. Bg2 Be7 7. O-O O-O 8. Re1
Qc7 9. exd5 exd5 10. Nf1 Bg4 11. Ne3 Bd7 12. Nh4 Be6 13. Nef5 Rae8 14. Bf4 Qd7
15. Nxe7+ Rxe7 16. Bg5 Rfe8 17. Bxf6 gxf6 18. c3 Bg4 19. Rxe7 Rxe7 20. Bf3 f5
21. Qd2 f6 22. Re1 Ne5 23. Bg2 c4 24. dxc4 dxc4 25. Qd4 Nd3 26. Bd5+ Kg7 27.
Rxe7+ Qxe7 1/2-1/2

[Event "Cto Aragón Equipos Pref Gr I"]
[Site "Aragón"]
[Date "2014.02.08"]
[Round "3.41"]
[White "Pellicer Cerezuela, Miguel"]
[Black "Faro Perella, Alberto"]
[Result "0-1"]
[WhiteElo "1927"]
[BlackElo "1938"]
[PlyCount "82"]
[EventDate "2014.??.??"]
[EventRounds "9"]
[EventCountry "ESP"]
[WhiteTeam "L´Aurora Estadilla B"]
[BlackTeam "Binefar"]

1. d4 d5 2. c4 e6 3. Nc3 Nf6 4. Bg5 Nbd7 5. e3 c6 6. Nf3 Qa5 7. Be2 Ne4 8. O-O
Nxg5 9. Nxg5 dxc4 10. Nf3 b5 11. a4 b4 12. Ne4 Ba6 13. Qc2 Be7 14. Bxc4 Bxc4
15. Qxc4 Qd5 16. Qc2 O-O 17. Ng3 c5 18. e4 Qb7 19. d5 exd5 20. e5 Rfe8 21. Nf5
Bf8 22. Rfe1 Qc6 23. Qd2 d4 24. Qf4 a5 25. Ng5 f6 26. e6 fxg5 27. Nh6+ gxh6 28.
Qf7+ Kh8 29. exd7 Red8 30. Re5 Qxd7 31. Qf3 Re8 32. Rf5 Qe7 33. h4 gxh4 34. Rf7
Qd6 35. Rf6 Qd8 36. Rf7 Bg7 37. Rd1 Rf8 38. Rd3 Rxf7 39. Qxf7 Qe8 40. Qd5 Qe1+
41. Kh2 Qe5+ 0-1

[Event "Cto Aragón Equipos Pref Gr I"]
[Site "Aragón"]
[Date "2014.02.08"]
[Round "3.43"]
[White "Puertolas Serena, Arturo"]
[Black "Saura Solano, Jose Luis"]
[Result "1-0"]
[WhiteElo "1917"]
[BlackElo "1775"]
[PlyCount "63"]
[EventDate "2014.??.??"]
[EventRounds "9"]
[EventCountry "ESP"]
[WhiteTeam "L´Aurora Estadilla B"]
[BlackTeam "Binefar"]

1. e4 d5 2. exd5 Nf6 3. d4 Bg4 4. f3 Bf5 5. c4 e6 6. dxe6 Nc6 7. Bd3 Bxd3 8.
Qxd3 Qxd4 9. Qxd4 Nxd4 10. Kd1 O-O-O 11. Bd2 Nxe6 12. Ne2 Bb4 13. Kc2 Bc5 14.
Nbc3 a6 15. Rad1 Rd7 16. Bc1 Rhd8 17. Rxd7 Rxd7 18. Rd1 Rxd1 19. Kxd1 h6 20. a3
a5 21. Kc2 c6 22. Kd3 Nd7 23. Ne4 Ne5+ 24. Kc3 Be7 25. Be3 c5 26. Kb3 Kc7 27.
N2c3 Nd3 28. Nd5+ Kd7 29. g3 Ne5 30. f4 Ng4 31. Bg1 Bf6 32. h3 1-0

[Event "Cto Aragón Equipos Pref Gr I"]
[Site "Aragón"]
[Date "2014.02.08"]
[Round "3.44"]
[White "Rosa Garcia, Jesus"]
[Black "Landa Galindo, Victor"]
[Result "1/2-1/2"]
[WhiteElo "1689"]
[BlackElo "1904"]
[PlyCount "85"]
[EventDate "2014.??.??"]
[EventRounds "9"]
[EventCountry "ESP"]
[WhiteTeam "Binefar"]
[BlackTeam "L´Aurora Estadilla B"]

1. b4 Nf6 2. Bb2 g6 3. Nf3 Bg7 4. e3 O-O 5. c4 c6 6. a4 a5 7. b5 d5 8. d4 Bg4
9. Nbd2 Nbd7 10. Be2 e6 11. O-O Re8 12. Rc1 Bf8 13. Re1 cxb5 14. cxb5 Rc8 15.
Qb3 Qb6 16. Ba3 Ne4 17. Bf1 Bxf3 18. Nxf3 Nd6 19. Bd3 h6 20. Qb1 Kg7 21. Nh4
Nc4 22. Bxf8+ Nxf8 23. Bxc4 Rxc4 24. Rxc4 dxc4 25. Rc1 Rc8 26. Rc3 Qd8 27. Nf3
Nd7 28. Qc2 Nb6 29. Nd2 Qd6 30. Ne4 Qb4 31. Nc5 Nd5 32. g3 Nxc3 33. Nxb7 Nxa4
34. Qe4 Qe7 35. Nxa5 c3 36. Qc2 Qb4 37. Nc6 Qb2 38. Qe4 c2 39. Qe5+ f6 40. Qxe6
Qb1+ 41. Kg2 Rf8 42. Nd8 Rxd8 43. Qe7+ 1/2-1/2

[Event "Cto Aragón Equipos Pref Gr I"]
[Site "Aragón"]
[Date "2014.02.08"]
[Round "3.45"]
[White "Navarro Sancho, Rafael"]
[Black "Osorio Marin, Luis Alejandro"]
[Result "1/2-1/2"]
[WhiteElo "1757"]
[BlackElo "2007"]
[PlyCount "64"]
[EventDate "2014.??.??"]
[EventRounds "9"]
[EventCountry "ESP"]
[WhiteTeam "Agrupacion B"]
[BlackTeam "Shatranj"]

1. e4 c5 2. Nf3 e6 3. Nc3 Nc6 4. d4 cxd4 5. Nxd4 Nf6 6. Nxc6 bxc6 7. Bd3 Bb4 8.
Bd2 d5 9. e5 Nd7 10. Qe2 a5 11. O-O Nc5 12. Rfe1 Nxd3 13. Qxd3 Rb8 14. Qg3 g6
15. a3 Be7 16. b3 c5 17. Ne2 O-O 18. Bh6 Re8 19. Rad1 Ba6 20. Nf4 c4 21. bxc4
Bxc4 22. Nh5 Qc7 23. Bg7 Rec8 24. Bf6 Bf8 25. h4 Rb2 26. Nf4 Bg7 27. Bxg7 Kxg7
28. Nh5+ Kf8 29. Nf6 h5 30. Qg5 Qd8 31. Qh6+ Ke7 32. Qg5 Kf8 1/2-1/2

[Event "Cto Aragón Equipos Pref Gr I"]
[Site "Aragón"]
[Date "2014.02.08"]
[Round "3.47"]
[White "Subira Navarro, Oscar"]
[Black "Del Corral Abancens, Alfonso"]
[Result "1-0"]
[WhiteElo "1716"]
[BlackElo "1895"]
[PlyCount "143"]
[EventDate "2014.??.??"]
[EventRounds "9"]
[EventCountry "ESP"]
[WhiteTeam "Agrupacion B"]
[BlackTeam "Shatranj"]

1. e4 c5 2. Nf3 d6 3. d4 cxd4 4. Nxd4 Nf6 5. Nc3 g6 6. Bg5 Bg7 7. Qd2 O-O 8.
Bh6 Nc6 9. Bxg7 Kxg7 10. Bc4 Qb6 11. Nb3 Ne5 12. Be2 Be6 13. O-O Bc4 14. h3
Rac8 15. Rfe1 Bxe2 16. Qxe2 Nc4 17. Nd5 Qd8 18. Nxf6 Kxf6 19. c3 e5 20. Rad1
Qc7 21. Rd3 a5 22. Na1 Kg7 23. b3 Nb6 24. Red1 Rfd8 25. Nc2 Rd7 26. Ne3 Rcd8
27. Qb2 Qc6 28. Nd5 Nxd5 29. Rxd5 b5 30. R1d3 f5 31. f3 fxe4 32. fxe4 Rf8 33.
Qd2 Rf6 34. Qe3 Rdf7 35. Rd2 Rc7 36. R2d3 Qa6 37. Kh2 Rc6 38. Rd2 Qb7 39. Qd3
Rb6 40. c4 bxc4 41. Qxc4 Rb4 42. Qd3 a4 43. bxa4 Rxa4 44. Rxd6 Rxd6 45. Qxd6
Qxe4 46. Rf2 Ra8 47. Qd7+ Kh6 48. Qd2+ Kg7 49. Re2 Qd4 50. Qxd4 exd4 51. Kg3
Rc8 52. Kf3 d3 53. Rd2 Rc2 54. Ke3 Kf6 55. Kxd3 Rc1 56. Kd4 Ke6 57. a3 Kd7 58.
Ra2 Kc7 59. Ke5 Kb7 60. Kf6 Rc7 61. Kg5 Ka7 62. Kh6 Ka6 63. Re2 Ka5 64. Re4 Rd7
65. Rh4 Rc7 66. Re4 Rd7 67. g4 Rc7 68. Kg5 Rc3 69. h4 Rxa3 70. Re7 Rb3 71. Rxh7
Rb5+ 72. Kxg6 1-0

[Event "Cto Aragón Equipos Pref Gr I"]
[Site "Aragón"]
[Date "2014.02.08"]
[Round "3.48"]
[White "Munoz Bornao, Miguel Angel"]
[Black "Manguez Tomas, Andres"]
[Result "1-0"]
[WhiteElo "1764"]
[BlackElo "1673"]
[PlyCount "65"]
[EventDate "2014.??.??"]
[EventRounds "9"]
[EventCountry "ESP"]
[WhiteTeam "Shatranj"]
[BlackTeam "Agrupacion B"]

1. e4 e5 2. Nf3 Nc6 3. Bb5 a6 4. Ba4 b5 5. Bb3 Na5 6. O-O d6 7. Bd5 c6 8. Bb3
Nf6 9. d4 Bg4 10. dxe5 Bxf3 11. Qxf3 dxe5 12. Bg5 Be7 13. Rd1 Qc7 14. Nd2 O-O
15. Nf1 Ne8 16. Bxe7 Qxe7 17. Ne3 Nd6 18. Rd2 Nxb3 19. axb3 Rfd8 20. Rad1 h6
21. h3 Qc7 22. Kh2 Rac8 23. Qg4 Rb8 24. f3 Qe7 25. Rxd6 Rxd6 26. Nf5 Qf8 27.
Rxd6 g6 28. Rxc6 Kh7 29. Ne3 a5 30. Nd5 Kg8 31. Rc7 Kh7 32. h4 h5 33. Qg5 1-0

[Event "Cto Aragón Equipos Pref Gr I"]
[Site "Aragón"]
[Date "2014.02.08"]
[Round "3.49"]
[White "Fontana Sotomayor, Luis Javier"]
[Black "Donoso Sanchez, Alejandro"]
[Result "1/2-1/2"]
[WhiteElo "2323"]
[BlackElo "2212"]
[PlyCount "144"]
[EventDate "2014.??.??"]
[EventRounds "9"]
[EventCountry "ESP"]
[WhiteTeam "Jaime Casas B"]
[BlackTeam "CMU Pedro Cerbuna"]

1. e4 c5 2. Nf3 e6 3. d3 Nc6 4. g3 g6 5. Bg2 Bg7 6. O-O Nge7 7. c3 O-O 8. Re1
d5 9. e5 Bd7 10. Bf4 Qb6 11. Qc1 Qa6 12. Nbd2 b5 13. Nb3 c4 14. Nc5 Qc8 15. d4
Na5 16. Bg5 Nec6 17. h4 Nb7 18. Nxb7 Qxb7 19. h5 gxh5 20. Bf6 h6 21. Qf4 Bxf6
22. exf6 Kh7 23. Ng5+ Kg6 24. Ne4 Qb8 25. Qh4 e5 26. Nc5 Be6 27. Bf3 Qd6 28.
Bxh5+ Kh7 29. Nxe6 fxe6 30. dxe5 Nxe5 31. Qf4 Nf7 32. Qxd6 Nxd6 33. Rxe6 Ne4
34. f7 Ng5 35. Re8 Kg7 36. Rxa8 Rxa8 37. Re1 Nxf7 38. Re7 Rf8 39. Rxa7 Kf6 40.
Rxf7+ Rxf7 41. Bxf7 Kxf7 42. a3 Ke6 43. f3 d4 44. cxd4 Kd5 45. Kf2 Kxd4 46. g4
Kd3 47. f4 Kc2 48. f5 Kxb2 49. f6 c3 50. f7 c2 51. f8=Q c1=Q 52. Qb4+ Ka2 53.
Qxb5 Qxa3 54. Qc4+ Kb2 55. Qe2+ Kb1 56. Qe4+ Kb2 57. Qb7+ Kc2 58. Qh7+ Kd1 59.
Qxh6 Qb2+ 60. Kg3 Qc3+ 61. Kh2 Qe5+ 62. Kh3 Qc3+ 63. Kg2 Qc2+ 64. Kh3 Qc3+ 65.
Kh4 Qe1+ 66. Kh5 Qh1+ 67. Kg5 Qd5+ 68. Kf6 Qd6+ 69. Kg5 Qe5+ 70. Kg6 Qe4+ 71.
Kh5 Qh1+ 72. Kg5 Qd5+ 1/2-1/2

[Event "Cto Aragón Equipos Pref Gr I"]
[Site "Aragón"]
[Date "2014.02.08"]
[Round "3.50"]
[White "Sacristan Latorre, Alberto"]
[Black "Maza Broto, Pablo"]
[Result "1/2-1/2"]
[WhiteElo "2061"]
[BlackElo "2045"]
[PlyCount "87"]
[EventDate "2014.??.??"]
[EventRounds "9"]
[EventCountry "ESP"]
[WhiteTeam "CMU Pedro Cerbuna"]
[BlackTeam "Jaime Casas B"]

1. e4 c5 2. Ne2 e6 3. d4 cxd4 4. Nxd4 Nf6 5. Bd3 Nc6 6. Nxc6 dxc6 7. O-O e5 8.
Kh1 Bc5 9. Bg5 h6 10. Bh4 g5 11. Bg3 Qe7 12. Nc3 h5 13. f3 h4 14. Bf2 Be6 15.
Bxc5 Qxc5 16. Na4 Qe7 17. Qd2 b5 18. Qc3 Rc8 19. Nc5 Nd7 20. Nxe6 fxe6 21. Bxb5
Qc5 22. Bc4 Ke7 23. b4 Qd4 24. Qb3 Rh6 25. Rad1 Qb6 26. Qd3 Qc7 27. Qe3 Kf6 28.
Qb3 Rb8 29. Rd2 Rh7 30. Rfd1 Nf8 31. a3 Re7 32. Rd6 Rbe8 33. Qa4 Rd7 34. Rxd7
Nxd7 35. Qa6 Nb6 36. Bb3 Re7 37. Qd3 c5 38. Qd6 c4 39. Ba2 Rd7 40. Qf8+ Kg6 41.
Qe8+ Kf6 42. Qf8+ Kg6 43. Qe8+ Kf6 44. Qf8+ 1/2-1/2

[Event "Cto Aragón Equipos Pref Gr I"]
[Site "Aragón"]
[Date "2014.02.08"]
[Round "3.51"]
[White "Rodriguez Leiva, Manuel"]
[Black "Gella Bitrian, Diego"]
[Result "0-1"]
[WhiteElo "1992"]
[BlackElo "2054"]
[PlyCount "60"]
[EventDate "2014.??.??"]
[EventRounds "9"]
[EventCountry "ESP"]
[WhiteTeam "Jaime Casas B"]
[BlackTeam "CMU Pedro Cerbuna"]

1. d4 Nf6 2. Nf3 g6 3. Bf4 Bg7 4. e3 d6 5. Bd3 Nh5 6. Bg3 Nxg3 7. hxg3 Bg4 8.
c3 Nd7 9. Nbd2 e5 10. Qb3 Rb8 11. Qa4 Be6 12. Qc2 f5 13. e4 O-O 14. exf5 gxf5
15. dxe5 dxe5 16. Bc4 Bxc4 17. Nxc4 e4 18. Nd4 Nc5 19. O-O-O Qd5 20. b3 Nd3+
21. Kb1 Bxd4 22. cxd4 Qxd4 23. Rh5 Rbd8 24. Rg5+ Kh8 25. Ne3 f4 26. Nf5 Qf6 27.
Rh5 Rd5 28. g4 Rc5 29. Qe2 Qc3 30. Rdh1 Qc1+ 0-1

[Event "Cto Aragón Equipos Pref Gr I"]
[Site "Aragón"]
[Date "2014.02.08"]
[Round "3.52"]
[White "Colom Sienes, Eduardo"]
[Black "Salas Latorre, Jose"]
[Result "1-0"]
[WhiteElo "2042"]
[BlackElo "1798"]
[PlyCount "57"]
[EventDate "2014.??.??"]
[EventRounds "9"]
[EventCountry "ESP"]
[WhiteTeam "CMU Pedro Cerbuna"]
[BlackTeam "Jaime Casas B"]

1. e4 d5 2. exd5 Nf6 3. Nc3 Nxd5 4. Bc4 Nb6 5. Bb3 c5 6. d3 Nc6 7. Nf3 e6 8.
Qe2 Be7 9. h4 Nd4 10. Nxd4 Qxd4 11. Be3 Qd8 12. Ne4 Qc7 13. Qh5 g6 14. Qh6 Bd7
15. Bg5 Qe5 16. Bxe7 Kxe7 17. O-O-O Bc6 18. Rhe1 Qf5 19. g4 Qxg4 20. Bxe6 Qg2
21. Bh3 Qh2 22. Qg5+ Kf8 23. Qxc5+ Kg7 24. Qd4+ Kh6 25. Ng5 Rhf8 26. Re7 Bd5
27. c4 Rad8 28. cxd5 Rxd5 29. Rxf7 1-0

[Event "Cto Aragón Equipos Pref Gr II"]
[Site "Aragon"]
[Date "2014.02.08"]
[Round "3.53"]
[White "Fuertes Garay, Javier"]
[Black "Lopez Caudevilla, David"]
[Result "0-1"]
[WhiteElo "2097"]
[BlackElo "2057"]
[PlyCount "86"]
[EventDate "2014.??.??"]
[WhiteTeam "ONCE CA Aragon B"]
[BlackTeam "Actur Rey Fernando"]

1. e4 d6 2. d4 Nf6 3. Nc3 g6 4. Be3 Bg7 5. f3 O-O 6. Qd2 Nbd7 7. O-O-O c6 8. g4
b5 9. h4 b4 10. Nce2 Qa5 11. Kb1 Nb6 12. Nc1 Be6 13. h5 Rfb8 14. Nb3 Bxb3 15.
cxb3 c5 16. hxg6 fxg6 17. Bd3 c4 18. Bxc4+ d5 19. Bd3 dxe4 20. Bxe4 Nxe4 21.
fxe4 Nd7 22. Qh2 Nf8 23. Bh6 Rb6 24. Ne2 Ra6 25. Nc1 Bxh6 26. Qxh6 Qc7 27. Qh2
Qb7 28. d5 Qd7 29. g5 Re8 30. Rdf1 e6 31. Nd3 Qe7 32. Rf6 Rb6 33. Nf4 exd5 34.
exd5 Rxf6 35. gxf6 Qe4+ 36. Kc1 Rc8+ 37. Kd1 Qb1+ 38. Ke2 Qxb2+ 39. Kf3 Qxf6
40. Re1 g5 41. Qg3 Rc3+ 42. Re3 Rxe3+ 43. Kxe3 Qxf4+ 0-1

[Event "Cto Aragón Equipos Pref Gr II"]
[Site "Aragon"]
[Date "2014.02.08"]
[Round "3.54"]
[White "Aviol Perez, Jose Mariano"]
[Black "Cobo Garrido, Diego Israel"]
[Result "0-1"]
[WhiteElo "1958"]
[BlackElo "2045"]
[PlyCount "74"]
[EventDate "2014.??.??"]
[WhiteTeam "Actur Rey Fernando"]
[BlackTeam "ONCE CA Aragon B"]

1. d4 d5 2. Nf3 Nf6 3. c4 c6 4. Nc3 dxc4 5. Ne5 Bf5 6. a4 Nbd7 7. Bf4 Nxe5 8.
Bxe5 Qb6 9. Qd2 Ng4 10. Bg3 e5 11. e3 exd4 12. exd4 Be6 13. a5 Qd8 14. Ne4 Qd5
15. f3 Nf6 16. Nxf6+ gxf6 17. Rc1 Rd8 18. Bf2 Qb5 19. Qe3 Qxa5+ 20. Kd1 Qa4+
21. Rc2 Be7 22. Qh6 Bf5 23. Qc1 Qxc2+ 24. Qxc2 Bxc2+ 25. Kxc2 b5 26. b3 cxb3+
27. Kxb3 a5 28. Bd3 a4+ 29. Ka2 Rg8 30. g3 Bc5 31. Bxh7 Rh8 32. Be4 Bxd4 33.
Bxc6+ Kf8 34. Be1 Rh5 35. g4 Re5 36. f4 Re2+ 37. Ka3 Bc5+ 0-1

[Event "Cto Aragón Equipos Pref Gr II"]
[Site "Aragon"]
[Date "2014.02.08"]
[Round "3.55"]
[White "Sanz Lopez, Ruben"]
[Black "Leon Dionis, Mateo"]
[Result "1-0"]
[WhiteElo "1955"]
[BlackElo "1788"]
[PlyCount "105"]
[EventDate "2014.??.??"]
[WhiteTeam "ONCE CA Aragon B"]
[BlackTeam "Actur Rey Fernando"]

1. d4 Nf6 2. Nf3 e6 3. e3 b6 4. Bd3 Be7 5. Nbd2 Bb7 6. b3 Nc6 7. a3 d5 8. Bb2
Rc8 9. O-O O-O 10. Qe2 Nb8 11. Ne5 Nbd7 12. f4 Ne4 13. Nxe4 dxe4 14. Bc4 Nf6
15. Rfd1 c6 16. b4 b5 17. Bb3 Qb6 18. c4 Rfd8 19. Kh1 a5 20. c5 Qc7 21. Bc3 a4
22. Ba2 Nd5 23. Bd2 f6 24. Ng4 Qd7 25. Bb1 f5 26. Ne5 Qe8 27. g4 Bf6 28. gxf5
exf5 29. Ba2 Kh8 30. Bxd5 Rxd5 31. Rg1 Rc7 32. Raf1 Bc8 33. Rg3 Be6 34. Qg2
Bxe5 35. fxe5 Rdd7 36. Be1 Rf7 37. Rg5 Qf8 38. Bg3 Rcd7 39. Qh3 Rde7 40. Bf4 g6
41. Rxg6 Bc4 42. Rf2 Re6 43. Rg3 Rg7 44. Bg5 Kg8 45. Rxf5 Qe8 46. Bf6 Rg6 47.
Rxg6+ Qxg6 48. Rf2 Kf7 49. Rg2 Bf1 50. Rxg6 Bxh3 51. Rg7+ Kf8 52. Rxh7 Kg8 53.
Rxh3 1-0

[Event "Cto Aragón Equipos Pref Gr II"]
[Site "Aragon"]
[Date "2014.02.08"]
[Round "3.56"]
[White "Fernandez Sierra, Pedro Jose"]
[Black "Ferrer Echavarri, Fco Javier"]
[Result "0-1"]
[WhiteElo "1706"]
[BlackElo "1933"]
[PlyCount "38"]
[EventDate "2014.??.??"]
[WhiteTeam "Actur Rey Fernando"]
[BlackTeam "ONCE CA Aragon B"]

1. e4 c5 2. Nf3 Nc6 3. d4 cxd4 4. Nxd4 Nf6 5. Nc3 e5 6. Nb3 Bb4 7. f3 d5 8.
exd5 Nxd5 9. Bd2 Nxc3 10. bxc3 Be7 11. Bb5 Bh4+ 12. g3 Bg5 13. Bxc6+ bxc6 14.
Qe2 Bxd2+ 15. Nxd2 O-O 16. O-O-O Qa5 17. Nb3 Qxa2 18. Qxe5 Be6 19. Qa5 Bxb3 0-1

[Event "Cto Aragón Equipos Pref Gr II"]
[Site "Aragon"]
[Date "2014.02.08"]
[Round "3.59"]
[White "Orriach Gonzalez, Juan Manuel"]
[Black "Alvarez Gonzalo, Miguel Angel"]
[Result "1/2-1/2"]
[WhiteElo "1795"]
[BlackElo "1968"]
[PlyCount "132"]
[EventDate "2014.??.??"]
[WhiteTeam "IberCaja B "]
[BlackTeam "St. Casablanca C"]

1. d4 Nf6 2. Bg5 e6 3. c4 Bb4+ 4. Nc3 c5 5. a3 Bxc3+ 6. bxc3 Qa5 7. Bd2 O-O 8.
e3 d6 9. Nf3 Nbd7 10. Bd3 e5 11. e4 Re8 12. d5 Nh5 13. O-O Ndf6 14. h3 Nf4 15.
Qc2 Bd7 16. Rfe1 Qd8 17. Kh2 a6 18. a4 N6h5 19. g4 Nxd3 20. Qxd3 Nf4 21. Bxf4
exf4 22. e5 Qc7 23. e6 fxe6 24. dxe6 Bc6 25. Ng5 g6 26. Nf7 Re7 27. Qxd6 Qxd6
28. Nxd6 Rd8 29. Ne4 Rxe6 30. Nxc5 Red6 31. Re2 Rd1 32. Re1 R1d2 33. Kg1 Rc2
34. Red1 Rxd1+ 35. Rxd1 Rxc3 36. Rd8+ Kf7 37. Kf1 Rc1+ 38. Ke2 f3+ 39. Ke3 Rxc4
40. Nxb7 Re4+ 41. Kd3 Re2 42. Nc5 Rxf2 43. Rc8 Be8 44. Rc7+ Kg8 45. Ke3 Rh2 46.
Kxf3 Rxh3+ 47. Kf4 h6 48. Nxa6 Bxa4 49. Rc8+ Kf7 50. Rc7+ Kf6 51. Nb4 g5+ 52.
Ke4 Bd1 53. Nd5+ Ke6 54. Ne3 Bf3+ 55. Kd4 Rg3 56. Rh7 Bxg4 57. Rxh6+ Kf7 58.
Nxg4 Rxg4+ 59. Ke3 Rf4 60. Rh3 Kg6 61. Rf3 Rh4 62. Rg3 Kf5 63. Kf3 Rh2 64. Rg1
g4+ 65. Kg3 Rh3+ 66. Kg2 Kf4 1/2-1/2

[Event "Cto Aragón Equipos Pref Gr II"]
[Site "Aragon"]
[Date "2014.02.08"]
[Round "3.60"]
[White "Calvo Mayayo, Jose Maria"]
[Black "Gines Esteo, Pedro Antonio"]
[Result "1/2-1/2"]
[WhiteElo "1931"]
[BlackElo "1778"]
[PlyCount "93"]
[EventDate "2014.??.??"]
[WhiteTeam "St. Casablanca C"]
[BlackTeam "IberCaja B "]

1. c4 Nf6 2. g3 e6 3. Bg2 d5 4. Nf3 Bd6 5. O-O O-O 6. d4 b6 7. Qc2 Nbd7 8. Nbd2
Bb7 9. e4 dxe4 10. Ng5 e3 11. Bxb7 exd2 12. Bxd2 Rb8 13. Bg2 h6 14. Nf3 b5 15.
c5 Be7 16. Ne5 Nxe5 17. dxe5 Nd7 18. Rad1 Qc8 19. b4 Nxe5 20. Bc3 Bf6 21. Qe4
Nd7 22. c6 Nc5 23. Qe3 Bxc3 24. Qxc3 Na4 25. Qa3 a6 26. Rd4 Nb6 27. Rfd1 Nc4
28. Qc1 Nd6 29. Qf4 Re8 30. Qe5 f6 31. Qh5 e5 32. Bh3 exd4 33. Bxc8 Rbxc8 34.
Qd5+ Nf7 35. Qxd4 Rcd8 36. Qa1 Ne5 37. Rxd8 Rxd8 38. Qc3 Rd6 39. Qe3 Nxc6 40.
Qe8+ Kh7 41. Qc8 Nxb4 42. Qxc7 Rc6 43. Qe7 Rc1+ 44. Kg2 Nxa2 45. Qe4+ Kh8 46.
Qe8+ Kh7 47. Qe4+ 1/2-1/2

[Event "Cto Aragón Equipos Pref Gr II"]
[Site "Aragon"]
[Date "2014.02.08"]
[Round "3.62"]
[White "Alonso Blasco, Jose Miguel"]
[Black "Garcia Arrazola, Jesus Maria"]
[Result "1-0"]
[WhiteElo "2105"]
[BlackElo "1641"]
[PlyCount "71"]
[EventDate "2014.??.??"]
[WhiteTeam "Las Fuentes"]
[BlackTeam "Calatayud"]

1. e4 c5 2. Nf3 Nc6 3. Bb5 d6 4. O-O Bd7 5. Re1 Nf6 6. c3 g6 7. d4 cxd4 8. cxd4
Bg7 9. Nc3 O-O 10. h3 Ne8 11. Bg5 Nc7 12. Bf1 Bf6 13. Bxf6 exf6 14. d5 Ne5 15.
Nd4 g5 16. g3 Kh8 17. Kh2 Rg8 18. f4 gxf4 19. gxf4 Ng6 20. f5 Ne5 21. Qh5 Rg5
22. Qh6 Qe7 23. Be2 Nd3 24. Nf3 Nxe1 25. Nxg5 fxg5 26. Rxe1 Rg8 27. Rg1 f6 28.
h4 Qg7 29. hxg5 Qxh6+ 30. gxh6 Rxg1 31. Kxg1 Kg8 32. Bh5 Nb5 33. Nxb5 Bxb5 34.
Kf2 Kf8 35. Ke3 Ke7 36. Bg6 1-0

[Event "Cto Aragón Equipos Pref Gr II"]
[Site "Aragon"]
[Date "2014.02.08"]
[Round "3.64"]
[White "Javierre Conesa, Alfonso"]
[Black "Esteban Marin, Francisco"]
[Result "0-1"]
[WhiteElo "1989"]
[BlackElo "1614"]
[PlyCount "80"]
[EventDate "2014.??.??"]
[WhiteTeam "Las Fuentes"]
[BlackTeam "Calatayud"]

1. d4 g6 2. c4 Bg7 3. Nc3 Nf6 4. Nf3 O-O 5. g3 d5 6. cxd5 Nxd5 7. Bg2 Nxc3 8.
bxc3 c6 9. O-O Nd7 10. e4 Nf6 11. Re1 Be6 12. Bf4 Nh5 13. Be3 Nf6 14. Qc2 Qc8
15. Ne5 Ng4 16. Nxg4 Bxg4 17. Rab1 b6 18. a4 Bh3 19. Bh1 e5 20. dxe5 Bxe5 21.
f4 Bg7 22. Bd4 Qe6 23. Bf3 Qc4 24. Bxg7 Kxg7 25. Rb4 Qc5+ 26. Rd4 Rad8 27. Qd2
Rd7 28. Qf2 Qxc3 29. Rxd7 Bxd7 30. Rd1 Be6 31. g4 Bb3 32. Qd4+ Qxd4+ 33. Rxd4
c5 34. Rd7 Bxa4 35. Rxa7 b5 36. e5 Bb3 37. Rc7 Rb8 38. Rxc5 Be6 39. h3 b4 40.
Rc2 b3 {Tiempo} 0-1